Heart of darkness : (Record no. 528)
[ view plain ]
| 000 -LEADER | |
|---|---|
| fixed length control field | 01080cam a2200301 4500 |
| 001 - CONTROL NUMBER | |
| control field | 727 |
| 005 - DATE AND TIME OF LATEST TRANSACTION | |
| control field | 20181127161924.0 |
| 008 - FIXED-LENGTH DATA ELEMENTS--GENERAL INFORMATION | |
| fixed length control field | 050728s2006 nyuab b 000 1 eng |
| 010 ## - LIBRARY OF CONGRESS CONTROL NUMBER | |
| LC control number | 2005052325 |
| 020 ## - INTERNATIONAL STANDARD BOOK NUMBER | |
| International Standard Book Number | 0393926362 (pbk.) |
| 043 ## - GEOGRAPHIC AREA CODE | |
| Geographic area code | f------ |
| 100 1# - MAIN ENTRY--PERSONAL NAME | |
| Personal name | Conrad, Joseph, |
| Dates associated with a name | 1857-1924. |
| 245 10 - TITLE STATEMENT | |
| Title | Heart of darkness : |
| Remainder of title | authoritative text, backgrounds and contexts, criticism / |
| Statement of responsibility, etc. | Joseph Conrad ; edited by Paul B. Armstrong. |
| 250 ## - EDITION STATEMENT | |
| Edition statement | 4th ed. |
| 260 ## - PUBLICATION, DISTRIBUTION, ETC. | |
| Place of publication, distribution, etc. | New York : |
| Name of publisher, distributor, etc. | W.W. Norton & Co., |
| Date of publication, distribution, etc. | c2006. |
| 300 ## - PHYSICAL DESCRIPTION | |
| Extent | xix, 514 p. : |
| Other physical details | ill., 1 map ; |
| Dimensions | 22 cm. |
| 440 #2 - SERIES STATEMENT/ADDED ENTRY--TITLE | |
| Title | A Norton critical edition |
| 500 ## - GENERAL NOTE | |
| General note | Electronic copy available on RTC Cloud in "Library" folder |
| 504 ## - BIBLIOGRAPHY, ETC. NOTE | |
| Bibliography, etc. note | Includes bibliographical references (p. 511-514). |
| 600 10 - SUBJECT ADDED ENTRY--PERSONAL NAME | |
| Personal name | Conrad, Joseph, |
| Dates associated with a name | 1857-1924. |
| Title of a work | Heart of darkness. |
| 650 #0 - SUBJECT ADDED ENTRY--TOPICAL TERM | |
| Topical term or geographic name entry element | Degeneration |
| Form subdivision | Fiction. |
| Topical term or geographic name entry element | Europeans |
| Geographic subdivision | Africa |
| Form subdivision | Fiction. |
| Topical term or geographic name entry element | Imperialism |
| Form subdivision | Fiction. |
| Topical term or geographic name entry element | Trading posts |
| Form subdivision | Fiction. |
| 651 #0 - SUBJECT ADDED ENTRY--GEOGRAPHIC NAME | |
| Geographic name | Africa |
| Form subdivision | Fiction. |
| 655 #7 - INDEX TERM--GENRE/FORM | |
| Genre/form data or focus term | Psychological fiction. |
| Source of term | lcsh |
| 700 1# - ADDED ENTRY--PERSONAL NAME | |
| Personal name | Armstrong, Paul B., |
| Dates associated with a name | 1949- |
| Withdrawn status | Lost status | Source of classification or shelving scheme | Damaged status | Not for loan | Collection code | Home library | Current library | Shelving location | Serial Enumeration / chronology | Inventory number | Total Checkouts | Full call number | Barcode | Date last seen | Date last checked out | Price effective from | Koha item type |
|---|---|---|---|---|---|---|---|---|---|---|---|---|---|---|---|---|---|
| Dewey Decimal Classification | Main TEST | RTC Library | RTC Library | Main opac | 1761 | 1 | 823.9 CON | 30002588 | 20/11/2019 | 04/11/2019 | 27/11/2018 | Main |